Stříbrné vzpomínání /

Main Author: Neužil, František, 1907-1995
Other Authors: Bílkovský, František, 1909-1998
Language: Czech
Published: Třebíč : Arca JiMfa, 1997
Edition: 1. vyd.
Online Access: Digitalizovaný dokument
Physical Description: 191 s. : il. ; 21 cm
Book
Saved in:
LEADER 01219nam a2200313 a 4500
001 000239106
003 CZ BrMZK
005 20090505091656.0
007 ta
008 960815s1997 xr a f cze d
015 |a cnb000282374 
020 |a 80-85766-87-6 
035 |a (OCoLC)38455593 
040 |a BOA001  |b cze 
080 |a 885.0-31  |2 MRF 
100 1 |a Neužil, František,  |d 1907-1995  |7 jk01090114  |4 aut 
245 1 0 |a Stříbrné vzpomínání /  |c František Neužil ; kresby František Bílkovský 
250 |a 1. vyd. 
260 |a Třebíč :  |b Arca JiMfa,  |c 1997 
300 |a 191 s. :  |b il. ;  |c 21 cm 
504 |a Obsahuje bibliografii 
500 |a Dostupné též v digitální podobě v aplikaci Kramerius 
700 1 |a Bílkovský, František,  |d 1909-1998  |7 jk01012086  |4 ill 
856 4 1 |u http://www.digitalniknihovna.cz/mzk/uuid/uuid:79808da0-5618-11e5-bc53-005056827e52  |y Digitalizovaný dokument  |x NDK 
910 |a BOA001  |b 2-1037.722  |b PK-0128.898 
920 |a 000267277 
990 |a BK 
996 7 |b 2610059385  |c 2-1037.722  |l MZK  |r Sklad / do 1 hodiny  |n 9  |p p.v.  |w 000239106  |u 000010  |a 1  |e BOA001  |j MZK50  |s A 
996 7 |b 3119010348  |c PK-0128.898  |l MZK  |r Sklad / do 1 hodiny  |n 7  |p kup  |w 000239106  |u 000020  |a 1  |e BOA001  |j MZK50  |s A